Name every Gakumas idols ! - Statistics

General Stats
  • This quiz has been taken 9 times
  • The average score is 12 of 17
Answer Stats
Answer % Correct
China Kuramoto
100%
Temari Tsukimura
100%
Kotone Fujita
88%
Mao Arimura
88%
Rinami Himesaki
88%
Rinha Kaya
88%
Saki Hanami
88%
Sena Juo
88%
Tsubame Amaya
88%
Ume Hanami
88%
Nadeshiko Aoi
63%
Shion Shirakusa
63%
Gekka Shirakusa
50%
Misuzu Hataya
50%
Lilja Katsuragi
38%
Sumika Shiun
25%
Hiro Shirosawa
13%
No matching quizzes found
Score Distribution
Percent of People with Each Score
Percentile by Number Answered
Your Score History
You have not taken this quiz